[Event "Ch BLR U20 b"]
[Site "?"]
[Date "2012.04.07"]
[Round "1.1"]
[White "Siagodnik, Anton"]
[Black "Harshkou, Mikita"]
[Result "1/2-1/2"]
[WhiteElo "2182"]
[BlackElo "2193"]
[PlyCount "33"]
[EventDate "2012.04.07"]
[SourceDate "2012.04.07"]

1. d4 e6 2. g3 f5 3. Bg2 Nf6 4. c4 Be7 5. Nc3 d6 6. Nh3 e5 7. dxe5 dxe5 8. O-O
O-O 9. Qb3 c6 10. Be3 Ng4 11. Rad1 Nd7 12. Bc1 Qe8 13. f3 Nc5 14. Qc2 Nf6 15.
b4 Ne6 16. Qb1 Qh5 17. Nf2 1/2-1/2

[Event "Ch BLR U20 b"]
[Site "?"]
[Date "2012.04.07"]
[Round "1.3"]
[White "Meribanov, Vitaly"]
[Black "Kocheev, Aleksandr"]
[Result "1-0"]
[WhiteElo "2325"]
[BlackElo "2347"]
[PlyCount "69"]
[EventDate "2012.04.07"]
[SourceDate "2012.04.07"]

1. c4 e5 2. Nc3 Nf6 3. g3 d5 4. cxd5 Nxd5 5. Bg2 Nb6 6. Nf3 Nc6 7. O-O Be7 8.
d3 O-O 9. Be3 Be6 10. Ne4 Bd5 11. Nc3 Be6 12. Ne4 f5 13. Nc5 Bd5 14. Rc1 Rb8
15. a3 a5 16. Bd2 Kh8 17. b4 axb4 18. axb4 Nd7 19. e4 Nxc5 20. exd5 Nxd3 21.
dxc6 e4 22. Ne1 Nxc1 23. Qxc1 bxc6 24. Nc2 Qd7 25. Be3 Rfd8 26. Nd4 Rb6 27. Bh3
g6 28. Nc2 Rb5 29. Bd4+ Kg8 30. Ba1 Bf8 31. Nd4 Rb6 32. Nxf5 c5 33. bxc5 Rc6
34. Nd4 Qxh3 35. Qc4+ 1-0

[Event "Ch BLR U20 b"]
[Site "?"]
[Date "2012.04.07"]
[Round "1.4"]
[White "Grib, Roman"]
[Black "Ziaziulkina, Nastassia"]
[Result "1-0"]
[WhiteElo "2305"]
[BlackElo "2343"]
[PlyCount "75"]
[EventDate "2012.04.07"]
[SourceDate "2012.04.07"]

1. e4 c5 2. Nf3 d6 3. c3 Nf6 4. Be2 g6 5. O-O Bg7 6. Re1 O-O 7. Bf1 Nc6 8. h3
e5 9. d3 h6 10. a3 d5 11. exd5 Nxd5 12. Nbd2 Re8 13. Qa4 Be6 14. Ne4 Qb6 15. c4
Nde7 16. Be3 Nd4 17. b4 cxb4 18. Bxd4 exd4 19. axb4 g5 20. Nc5 Bf5 21. g4 Be6
22. Nxe6 fxe6 23. c5 Qc6 24. Qxc6 Nxc6 25. b5 Nb4 26. Ra4 a5 27. Nd2 Rec8 28.
Nb3 e5 29. Rc1 Bf8 30. Rc4 Nd5 31. Bg2 Nc3 32. Bxb7 Nxa4 33. Rxa4 Kf7 34. b6
Ke6 35. Bxa8 Rxa8 36. c6 Kd6 37. c7 Kc6 38. Nxa5+ 1-0

[Event "Ch BLR U20 b"]
[Site "?"]
[Date "2012.04.07"]
[Round "1.5"]
[White "Tsyhanchuk, Stanislav"]
[Black "Sheremet, Anton"]
[Result "1/2-1/2"]
[WhiteElo "2326"]
[BlackElo "2120"]
[PlyCount "180"]
[EventDate "2012.04.07"]
[SourceDate "2012.04.07"]

1. e4 c5 2. Nf3 g6 3. Bc4 Nc6 4. c3 e6 5. d4 d5 6. exd5 exd5 7. Bb5 cxd4 8.
Nxd4 Nge7 9. Bg5 Qd6 10. O-O f6 11. Bh4 Bg7 12. Bg3 Qd8 13. c4 O-O 14. cxd5
Nxd4 15. Qxd4 f5 16. Be5 Bxe5 17. Qxe5 Qxd5 18. Qe2 Qd6 19. Nc3 Nc6 20. Rad1
Qe5 21. Qxe5 Nxe5 22. Rfe1 Nc6 23. Rd6 f4 24. Nd5 Bf5 25. Bxc6 bxc6 26. Rxc6 f3
27. g4 Bd3 28. g5 Rf7 29. Nf6+ Kg7 30. h4 Rb8 31. Re8 Rxe8 32. Nxe8+ Kf8 33.
Nf6 Rb7 34. Rc8+ Kf7 35. Rh8 Rxb2 36. Rxh7+ Ke6 37. Rxa7 Rb4 38. Kh2 Rxh4+ 39.
Kg3 Rc4 40. Kxf3 Rc5 41. Nh7 Rc2 42. a4 Ra2 43. a5 Ra3 44. Kf4 Ra4+ 45. Ke3 Bf5
46. Nf8+ Kd5 47. Rg7 Ra3+ 48. Kf4 Ra4+ 49. Kf3 Ra3+ 50. Kg2 Be4+ 51. Kh2 Rf3
52. Nxg6 Rxf2+ 53. Kg3 Ra2 54. Nf4+ Ke5 55. Rf7 Rxa5 56. Kg4 Ra4 57. Re7+ Kd6
58. Re8 Bc6 59. Re6+ Kd7 60. Rf6 Be4 61. Kh5 Ra1 62. Kh6 Rh1+ 63. Kg7 Rg1 64.
Kh6 Rh1+ 65. Kg7 Rg1 66. Rf7+ Kd6 67. Kf6 Rf1 68. Kg7 Rg1 69. Kh6 Rh1+ 70. Nh5
Ke6 71. Rf8 Ke7 72. Rf4 Bc2 73. g6 Rg1 74. Rf7+ Kd8 75. Nf4 Bxg6 76. Nxg6 Rd1
77. Ne5 Rd5 78. Nc6+ Ke8 79. Re7+ Kf8 80. Rc7 Rd1 81. Kg6 Rg1+ 82. Kf6 Rf1+ 83.
Ke6 Kg8 84. Nd4 Ra1 85. Kf6 Ra2 86. Rg7+ Kh8 87. Re7 Kg8 88. Rg7+ Kh8 89. Rg3
Kh7 90. Rg7+ Kh8 1/2-1/2

[Event "Ch BLR U20 b"]
[Site "?"]
[Date "2012.04.08"]
[Round "2.1"]
[White "Kovalev, Vladislav"]
[Black "Grib, Roman"]
[Result "1-0"]
[WhiteElo "2477"]
[BlackElo "2305"]
[PlyCount "99"]
[EventDate "2012.04.07"]
[SourceDate "2012.04.07"]

1. e4 c5 2. Nf3 Nc6 3. d4 cxd4 4. Nxd4 g6 5. Nc3 Bg7 6. Be3 Nf6 7. Bc4 Qa5 8.
O-O O-O 9. Bb3 d6 10. h3 Bd7 11. Re1 Rac8 12. Nf3 Rfd8 13. Qd2 Be8 14. Bh6 Ne5
15. Nxe5 Bxh6 16. Qxh6 Qxe5 17. Rad1 a5 18. a4 Bc6 19. Re3 Nd7 20. Qh4 e6 21.
Nd5 Rb8 22. f4 Qxb2 23. Ne7+ Kg7 24. Rxd6 Qf6 25. Qxf6+ Nxf6 26. Nxc6 bxc6 27.
Rxc6 Rd1+ 28. Kh2 Rb4 29. f5 Rxe4 30. Rxe4 Nxe4 31. fxe6 fxe6 32. Rxe6 Nd2 33.
Re7+ Kh8 34. Ra7 Rb1 35. Rxa5 Nxb3 36. cxb3 Rxb3 37. Ra7 Ra3 38. a5 Kg8 39. a6
Kf8 40. Kg1 h5 41. h4 Ke8 42. Kf2 Kd8 43. Ra8+ Kc7 44. a7 Ra2+ 45. Kg3 Ra3+ 46.
Kh2 Kb6 47. Rg8 Rxa7 48. Rxg6+ Kc5 49. Rg5+ Kd4 50. Rxh5 1-0

[Event "Ch BLR U20 b"]
[Site "?"]
[Date "2012.04.09"]
[Round "2.2"]
[White "Harshkou, Mikita"]
[Black "Meribanov, Vitaly"]
[Result "1/2-1/2"]
[WhiteElo "2193"]
[BlackElo "2325"]
[PlyCount "100"]
[EventDate "2012.04.07"]
[SourceDate "2012.04.07"]

1. e3 e5 2. d4 exd4 3. exd4 Nf6 4. Bd3 d5 5. Bg5 Be7 6. Nf3 Bg4 7. O-O Nc6 8.
c3 h6 9. Bxf6 Bxf6 10. Re1+ Be7 11. h3 Be6 12. b4 a6 13. Nbd2 Qd6 14. a4 O-O
15. b5 Nb8 16. Ne5 axb5 17. axb5 Nd7 18. Ndf3 Nf6 19. Qc2 Ra3 20. Rxa3 Qxa3 21.
Ng6 Ra8 22. Nf4 Bd7 23. Ne5 Be8 24. c4 Qb4 25. Rb1 Qa4 26. Qe2 Bf8 27. Bc2 Qa2
28. cxd5 g5 29. Nfd3 Nxd5 30. Nc1 Qa7 31. Qd3 Bg7 32. Bb3 Rd8 33. Ne2 Qb6 34.
Qf3 Qd6 35. Rd1 c6 36. bxc6 bxc6 37. Qf5 Qf6 38. Qxf6 Bxf6 39. Ba4 c5 40. Bb3
Nf4 41. Nxf4 gxf4 42. Ng4 Bxd4 43. Nxh6+ Kf8 44. Nf5 Bf6 45. Rxd8 Bxd8 46. Nd6
Bc7 47. Nxe8 Kxe8 48. Kf1 Be5 49. Ke2 Kf8 50. Kd3 Bd4 1/2-1/2

[Event "Ch BLR U20 b"]
[Site "?"]
[Date "2012.04.08"]
[Round "2.3"]
[White "Ziaziulkina, Nastassia"]
[Black "Siagodnik, Anton"]
[Result "1/2-1/2"]
[WhiteElo "2343"]
[BlackElo "2182"]
[PlyCount "90"]
[EventDate "2012.04.07"]
[SourceDate "2012.04.07"]

1. e4 e5 2. Nf3 Nf6 3. d4 exd4 4. e5 Ne4 5. Qxd4 d5 6. exd6 Nxd6 7. Nc3 Nc6 8.
Qf4 Nf5 9. Bb5 Bd6 10. Qe4+ Qe7 11. O-O O-O 12. Re1 Qxe4 13. Nxe4 Ne5 14. Nxe5
Bxe5 15. Bd3 Re8 16. Bd2 Be6 17. Nc3 f6 18. Nb5 Bd7 19. Bc3 Bd6 20. Rad1 Bxb5
21. Bxb5 Rxe1+ 22. Rxe1 h6 23. g3 Rd8 24. Kg2 Kf8 25. Bd3 Ne7 26. Be4 c6 27. f4
Bc5 28. Kf3 Kf7 29. g4 Nc8 30. Bf5 Nb6 31. Be6+ Kf8 32. b3 Nd5 33. Bb2 Re8 34.
Re2 Nc7 35. Bf5 Rxe2 36. Kxe2 Nd5 37. Kf3 Bd6 38. Bc1 g5 39. fxg5 hxg5 40. h3
Ke7 41. c4 Nc7 42. Bb2 Ne6 43. Bxe6 Kxe6 44. Ke4 a6 45. Bd4 Bc7 1/2-1/2

[Event "Ch BLR U20 b"]
[Site "?"]
[Date "2012.04.08"]
[Round "2.4"]
[White "Biazliudau, Stanislau"]
[Black "Sheremet, Anton"]
[Result "1/2-1/2"]
[WhiteElo "2192"]
[BlackElo "2120"]
[PlyCount "84"]
[EventDate "2012.04.07"]
[SourceDate "2012.04.07"]

1. c4 c5 2. Nc3 g6 3. g3 Nc6 4. Bg2 Bg7 5. d3 e6 6. Bf4 Nge7 7. Nb5 Qa5+ 8. Bd2
Qb6 9. Nd6+ Kf8 10. Rb1 Nd4 11. Nxc8 Rxc8 12. b4 d5 13. e3 Ndc6 14. bxc5 Qxc5
15. Rb5 Qa3 16. cxd5 exd5 17. Qb3 Qxb3 18. Rxb3 b6 19. d4 f5 20. Ne2 Kf7 21.
Nf4 Rhd8 22. O-O Bh6 23. Ne2 Ke6 24. a4 Nb8 25. Rb2 Nd7 26. Rfb1 a6 27. Bb4 Nc6
28. Bd2 Ne7 29. Nc3 Rc7 30. Bf1 Ra8 31. Na2 a5 32. Bb5 Nc8 33. Bf1 Nd6 34. Nc3
Rac8 35. Rb3 Nc4 36. Be1 Bf8 37. Nb5 Rb7 38. Rc1 Rbb8 39. Na7 Rc7 40. Nb5 Rcc8
41. Bg2 Nf6 42. Bf1 Nd7 1/2-1/2

[Event "Ch BLR U20 b"]
[Site "?"]
[Date "2012.04.08"]
[Round "2.5"]
[White "Kocheev, Aleksandr"]
[Black "Tsyhanchuk, Stanislav"]
[Result "1-0"]
[WhiteElo "2347"]
[BlackElo "2326"]
[PlyCount "79"]
[EventDate "2012.04.07"]
[SourceDate "2012.04.07"]

1. e4 Nf6 2. e5 Nd5 3. d4 d6 4. Nf3 dxe5 5. Nxe5 c6 6. Bc4 Nd7 7. Nf3 N7b6 8.
Bb3 a5 9. a3 a4 10. Ba2 Bg4 11. h3 Bh5 12. c4 Nf6 13. Be3 e6 14. Nc3 Be7 15.
O-O O-O 16. Qe2 Ra5 17. g4 Bg6 18. Rad1 Nfd7 19. Rfe1 Qc7 20. d5 cxd5 21. cxd5
Nxd5 22. Nxd5 exd5 23. Bd2 Bc5 24. Bxa5 Qg3+ 25. Kh1 Bxf2 26. Bxd5 Nf6 27. Bxb7
Qxh3+ 28. Nh2 Bg3 29. Qg2 Qh4 30. Bf3 h5 31. Rg1 Ne4 32. Be1 Bxe1 33. Bxe4 Bxe4
34. Qxe4 Bg3 35. Qg2 Be5 36. Rde1 Re8 37. gxh5 Qf6 38. Nf3 Re6 39. Nxe5 Rxe5
40. Qxg7+ 1-0

[Event "Ch BLR U20 b"]
[Site "?"]
[Date "2012.04.09"]
[Round "3.1"]
[White "Siagodnik, Anton"]
[Black "Kovalev, Vladislav"]
[Result "1/2-1/2"]
[WhiteElo "2182"]
[BlackElo "2477"]
[PlyCount "131"]
[EventDate "2012.04.07"]
[SourceDate "2012.04.07"]

1. g3 Nf6 2. Bg2 d5 3. Nf3 g6 4. O-O Bg7 5. d4 O-O 6. c4 dxc4 7. Na3 Nc6 8.
Nxc4 Be6 9. b3 Bd5 10. Bb2 Qc8 11. Rc1 Rd8 12. e3 a5 13. a3 Qe6 14. Qe2 Ne4 15.
Rfd1 h6 16. Ne1 g5 17. f3 Nd6 18. Rd2 Nf5 19. Bh3 Nfxd4 20. Qg2 Nxf3+ 21. Qxf3
Bxf3 22. Rxd8+ Rxd8 23. Bxe6 Be4 24. Bxg7 Kxg7 25. Bh3 b5 26. Nb2 Rd2 27. Nbd3
Bxd3 28. Nxd3 Rxd3 29. Rxc6 Rxb3 30. Rxc7 Rxe3 31. Bf1 Rxa3 32. Bxb5 Re3 33.
Rc5 Ra3 34. Rc7 Ra1+ 35. Kf2 Ra2+ 36. Kf3 Kf6 37. h3 Ra3+ 38. Kf2 h5 39. Rc6+
e6 40. h4 g4 41. Rc5 e5 42. Rc7 Ra2+ 43. Be2 Ke6 44. Rc6+ Ke7 45. Rh6 f5 46.
Rxh5 Kf6 47. Rh6+ Kf7 48. Ke1 Ra1+ 49. Kf2 Ra2 50. Rh5 Kf6 51. Rg5 a4 52. Rg8
Kf7 53. Ra8 f4 54. Ke1 Ra1+ 55. Kf2 Ra2 56. gxf4 exf4 57. Ke1 Ra1+ 58. Bd1 a3
59. Kd2 g3 60. Bb3+ Ke7 61. Rg8 a2 62. Bxa2 Rxa2+ 63. Kd3 Rh2 64. Rg4 Rf2 65.
h5 Kf6 66. h6 1/2-1/2

[Event "Ch BLR U20 b"]
[Site "?"]
[Date "2012.04.09"]
[Round "3.2"]
[White "Tsyhanchuk, Stanislav"]
[Black "Harshkou, Mikita"]
[Result "0-1"]
[WhiteElo "2326"]
[BlackElo "2193"]
[PlyCount "100"]
[EventDate "2012.04.07"]
[SourceDate "2012.04.07"]

1. d4 e6 2. g3 f5 3. Bg2 Nf6 4. c4 d6 5. Nc3 Be7 6. e4 fxe4 7. Nxe4 O-O 8. Nc3
Nc6 9. Nf3 Qe8 10. O-O e5 11. dxe5 dxe5 12. Nd5 Bd8 13. Be3 Qh5 14. Nxf6+ Bxf6
15. Nd2 Bg4 16. Qb3 Rab8 17. c5+ Kh8 18. f3 Bh3 19. Ne4 Bxg2 20. Kxg2 Ne7 21.
Kh1 Qh3 22. Kg1 c6 23. Rad1 Nd5 24. Rxd5 cxd5 25. Qxd5 Rfe8 26. g4 h5 27. g5
Be7 28. Qxe5 Bf6 29. Qg3 Qxg3+ 30. hxg3 Bxb2 31. Kf2 Kg8 32. Rh1 g6 33. Rd1
Red8 34. Rb1 Be5 35. Ke2 Kf7 36. f4 Bc7 37. Nf6 Ke6 38. Rb5 b6 39. c6 Bd6 40.
Rb3 Rbc8 41. Rc3 Be7 42. c7 Rd6 43. Ne4 Rd7 44. Rc6+ Kd5 45. Rxg6 Kxe4 46. Re6+
Kf5 47. Re5+ Kg4 48. g6 Bf6 49. Rb5 Rcxc7 50. Bd2 Rc2 0-1

[Event "Ch BLR U20 b"]
[Site "?"]
[Date "2012.04.09"]
[Round "3.3"]
[White "Sheremet, Anton"]
[Black "Kocheev, Aleksandr"]
[Result "0-1"]
[WhiteElo "2120"]
[BlackElo "2347"]
[PlyCount "132"]
[EventDate "2012.04.07"]
[SourceDate "2012.04.07"]

1. d4 Nf6 2. Nf3 g6 3. c4 Bg7 4. Nc3 d5 5. cxd5 Nxd5 6. e4 Nxc3 7. bxc3 c5 8.
Be2 Nc6 9. Be3 Bg4 10. e5 O-O 11. O-O Qc7 12. Qa4 a6 13. Rfd1 Rfd8 14. Qb3 Be6
15. Qb2 h6 16. Nd2 Bf5 17. f4 g5 18. Nf3 gxf4 19. Bxf4 e6 20. Qc1 Kh7 21. Nh4
Bg6 22. Nxg6 fxg6 23. Qe3 Ne7 24. Bd3 b5 25. Rac1 Rac8 26. h4 Nf5 27. Qf2 h5
28. Be4 Rf8 29. g3 Rcd8 30. Rc2 Qf7 31. Bg5 Rd7 32. Rcd2 Qg8 33. Qe1 Rc8 34.
Qf2 cxd4 35. cxd4 Rc4 36. Qf3 Rf7 37. Rf1 Qb8 38. g4 hxg4 39. Qxg4 Kg8 40. h5
gxh5 41. Qxh5 Qa7 42. Bxf5 exf5 43. e6 Bxd4+ 44. Kg2 Qa8+ 45. Rf3 Rh7 46. Qg6+
Rg7 47. Qxf5 Rc5 48. Qf7+ Rxf7 49. exf7+ Kf8 50. Bh6+ Bg7 51. Bxg7+ Kxg7 52.
f8=Q+ Qxf8 53. Rxf8 Kxf8 54. Kf3 Ke7 55. Ke4 Ke6 56. Rh2 Rc6 57. Kd3 Kd6 58. a4
b4 59. a5 Rc3+ 60. Kd4 Kc6 61. Rh5 Rc1 62. Kd3 Rc5 63. Rh1 Kb5 64. Ra1 Rc3+ 65.
Kd2 Rc7 66. Kd3 b3 0-1

[Event "Ch BLR U20 b"]
[Site "?"]
[Date "2012.04.09"]
[Round "3.4"]
[White "Meribanov, Vitaly"]
[Black "Ziaziulkina, Nastassia"]
[Result "0-1"]
[WhiteElo "2325"]
[BlackElo "2343"]
[PlyCount "96"]
[EventDate "2012.04.07"]
[SourceDate "2012.04.07"]

1. d4 d5 2. Nf3 Nf6 3. c4 c6 4. cxd5 cxd5 5. Nc3 Nc6 6. Bf4 a6 7. Rc1 Ne4 8. e3
Nxc3 9. bxc3 Bf5 10. Be2 e6 11. Qd2 Ba3 12. Rd1 O-O 13. O-O Rc8 14. Bd3 Na5 15.
Bxf5 exf5 16. Qd3 g6 17. Rb1 b5 18. h4 f6 19. h5 g5 20. Bg3 Qd7 21. Nd2 Nc4 22.
Nxc4 Rxc4 23. f3 Re8 24. Rfe1 Qe6 25. Re2 Kg7 26. Be1 Bd6 27. Bd2 Bc7 28. Kf2
Ra4 29. Rb2 Kh6 30. Re1 Ra3 31. Bc1 Ba5 32. Rc2 Ra4 33. a3 Rc4 34. Bb2 Qc8 35.
Ba1 Re7 36. Bb2 Rec7 37. Rec1 Kxh5 38. e4 dxe4 39. fxe4 Kg6 40. Kg1 Bb6 41. Rf2
Bxd4 42. exf5+ Kg7 43. cxd4 Rxc1+ 44. Bxc1 Rxc1+ 45. Kh2 Qc7+ 46. g3 Rc3 47.
Qd2 Qxg3+ 48. Kh1 Qh3+ 0-1

[Event "Ch BLR U20 b"]
[Site "?"]
[Date "2012.04.09"]
[Round "3.5"]
[White "Grib, Roman"]
[Black "Biazliudau, Stanislau"]
[Result "1-0"]
[WhiteElo "2305"]
[BlackElo "2192"]
[PlyCount "122"]
[EventDate "2012.04.07"]
[SourceDate "2012.04.07"]

1. e4 e6 2. d4 d5 3. Nc3 Nf6 4. Bg5 Be7 5. e5 Nfd7 6. Bxe7 Qxe7 7. f4 a6 8. Nf3
c5 9. Qd2 Nc6 10. O-O-O c4 11. f5 Nb6 12. fxe6 Bxe6 13. Ne2 Na4 14. Kb1 b5 15.
Ka1 h6 16. Rg1 b4 17. g4 Rb8 18. b3 Nb6 19. Nf4 c3 20. Qe3 g6 21. Ne1 Nd7 22.
Ned3 Qd8 23. a4 Qa5 24. Kb1 Nd8 25. h3 Rc8 26. Bg2 Ke7 27. Qf3 Rf8 28. Nxd5+
Bxd5 29. Qxd5 Qxd5 30. Bxd5 a5 31. Bg2 Ne6 32. d5 Nec5 33. Nxc5 Nxc5 34. d6+
Kd7 35. Rd5 f6 36. e6+ Nxe6 37. Rxa5 Nc5 38. Rb5 Kxd6 39. Rd1+ Ke7 40. Rxb4 f5
41. gxf5 gxf5 42. Re1+ Kf6 43. Rc4 Ne6 44. Bd5 Ng5 45. Rxc8 Rxc8 46. h4 Ne4 47.
Bxe4 Re8 48. Re3 fxe4 49. Kc1 Ke5 50. Rxc3 Kd4 51. Rg3 e3 52. Rg4+ Kd5 53. Kd1
Rf8 54. Ke2 Rf2+ 55. Kxe3 Rxc2 56. Kd3 Rc1 57. Rc4 Rd1+ 58. Kc3 Ra1 59. Kb4 Rb1
60. a5 Rb2 61. a6 Rb1 1-0

[Event "Ch BLR U20 b"]
[Site "?"]
[Date "2012.04.10"]
[Round "4.1"]
[White "Harshkou, Mikita"]
[Black "Sheremet, Anton"]
[Result "1-0"]
[WhiteElo "2193"]
[BlackElo "2120"]
[PlyCount "61"]
[EventDate "2012.04.07"]
[SourceDate "2012.04.07"]

1. e3 Nf6 2. f4 d5 3. d3 g6 4. Nf3 Bg7 5. Be2 c5 6. O-O Nc6 7. Ne5 O-O 8. Bf3
Qc7 9. Nxc6 Qxc6 10. a4 b6 11. Nc3 Bb7 12. e4 dxe4 13. dxe4 Rad8 14. Qe1 Qc8
15. Qh4 Qe6 16. f5 Qe5 17. Kh1 Qd4 18. Bg5 gxf5 19. Rad1 Qb4 20. Rxd8 Rxd8 21.
Bxf6 Bxf6 22. Qg3+ Kf8 23. Qc7 e6 24. Qxb7 Qxb2 25. Bh5 Be7 26. exf5 Qxc3 27.
f6 Re8 28. fxe7+ Kg7 29. Qd7 Qc4 30. Rxf7+ Kh6 31. Qxe8 1-0

[Event "Ch BLR U20 b"]
[Site "?"]
[Date "2012.04.10"]
[Round "4.2"]
[White "Ziaziulkina, Nastassia"]
[Black "Tsyhanchuk, Stanislav"]
[Result "1-0"]
[WhiteElo "2343"]
[BlackElo "2326"]
[PlyCount "93"]
[EventDate "2012.04.07"]
[SourceDate "2012.04.07"]

1. e4 Nf6 2. e5 Nd5 3. d4 d6 4. Nf3 dxe5 5. Nxe5 c6 6. Be2 Bf5 7. O-O Nd7 8.
Nf3 e6 9. c4 N5f6 10. Nc3 Bd6 11. h3 h6 12. Be3 O-O 13. Rc1 Ne4 14. Bd3 Nxc3
15. Rxc3 Bxd3 16. Rxd3 Qc7 17. Qc1 Rfe8 18. Rfd1 Rad8 19. c5 Bf8 20. Bf4 Qc8
21. b4 Nf6 22. Ne5 Nd7 23. Nc4 b5 24. Nd6 Bxd6 25. Bxd6 f5 26. Re1 Nf6 27. Be5
Kf7 28. Rg3 Rd5 29. Qd1 Qd8 30. a4 a6 31. Rge3 g6 32. axb5 axb5 33. Qe2 Nd7 34.
Bd6 Qf6 35. Ra1 Qxd4 36. Ra6 e5 37. Rxc6 Qa1+ 38. Kh2 Rd1 39. f4 Rh1+ 40. Kg3
Qg1 41. Bxe5 Qh2+ 42. Kf3 Nxe5+ 43. Rxe5 Rxe5 44. Qa2+ Ke7 45. Qa7+ Kf8 46.
Rf6+ Ke8 47. Qf7+ 1-0

[Event "Ch BLR U20 b"]
[Site "?"]
[Date "2012.04.10"]
[Round "4.3"]
[White "Grib, Roman"]
[Black "Siagodnik, Anton"]
[Result "1/2-1/2"]
[WhiteElo "2305"]
[BlackElo "2182"]
[Annotator ",USER"]
[PlyCount "77"]
[EventDate "2012.04.07"]
[SourceDate "2012.04.07"]

1. Nc3 Nf6 2. d4 d5 3. Bg5 c6 4. Qd3 Nbd7 5. Nf3 Qa5 6. Bd2 Qc7 7. e4 dxe4 8.
Nxe4 Nxe4 9. Qxe4 Nf6 10. Qe5 Qxe5+ 11. Nxe5 Bf5 12. c3 e6 13. Nc4 O-O-O 14.
Ne5 Bg6 15. Bf4 c5 16. Rc1 Nd5 17. Bg3 Bd6 18. Nxg6 hxg6 19. Bxd6 Rxd6 20. dxc5
Rc6 21. b4 b6 22. Bb5 Rc7 23. c6 Kb8 24. Ba4 a6 25. a3 b5 26. Bb3 Nf4 27. Rc2
Nxg2+ 28. Ke2 Rxc6 29. c4 Nf4+ 30. Ke3 g5 31. cxb5 Rxc2 32. Bxc2 axb5 33. Be4
Rc8 34. h4 Rc3+ 35. Kd2 Rc4 36. Bf3 Rd4+ 37. Kc2 Rd3 38. Be4 Rxa3 39. hxg5 {...
} 1/2-1/2

[Event "Ch BLR U20 b"]
[Site "?"]
[Date "2012.04.10"]
[Round "4.4"]
[White "Biazliudau, Stanislau"]
[Black "Kocheev, Aleksandr"]
[Result "0-1"]
[WhiteElo "2192"]
[BlackElo "2347"]
[PlyCount "146"]
[EventDate "2012.04.07"]
[SourceDate "2012.04.07"]

1. c4 Nf6 2. g3 g6 3. Bg2 Bg7 4. Nc3 c6 5. d4 d5 6. cxd5 cxd5 7. Nf3 O-O 8. O-O
Ne4 9. Qb3 Nxc3 10. Qxc3 Nc6 11. e3 Bf5 12. Nh4 Be6 13. Qd2 a5 14. b3 b5 15. a3
Qb6 16. Bb2 Rfd8 17. Rfc1 Rac8 18. Rc5 b4 19. a4 Nb8 20. Rac1 Rxc5 21. Rxc5 Nd7
22. Rc1 Nf6 23. Nf3 Ne4 24. Qd1 Rc8 25. Rxc8+ Bxc8 26. Qc1 Bb7 27. Nd2 Nd6 28.
Bf1 Bc8 29. Bd3 Bg4 30. Kg2 f6 31. h3 Bd7 32. Nf3 Kf7 33. Be2 Ne4 34. Nd2 Nd6
35. Nf3 Ke8 36. Bd3 Kd8 37. Qc2 Ke8 38. Qc1 Kf7 39. Qc2 e6 40. h4 Qc6 41. Qxc6
Bxc6 42. g4 Ke7 43. g5 Nf7 44. gxf6+ Bxf6 45. h5 gxh5 46. Bxh7 Nd6 47. Bg6 Be8
48. Bd3 h4 49. Ng1 Bh5 50. f3 Bg5 51. Bc1 Kf7 52. Nh3 Bh6 53. Ng1 Nf5 54. Bxf5
exf5 55. Bd2 Ke6 56. Kf2 Be8 57. Ne2 Bd7 58. Nc1 Bf8 59. Nd3 Bd6 60. Kg2 Bc8
61. Be1 Ba6 62. Nc1 Be7 63. f4 Kf7 64. Kh3 Bf1+ 65. Kh2 Kg6 66. Kg1 Ba6 67. Kg2
Kh5 68. Kf3 h3 69. Bg3 Bh4 70. Na2 Bd3 71. Bh2 Be4+ 72. Ke2 Kg4 73. Bg1 Kg3 0-1

[Event "Ch BLR U20 b"]
[Site "?"]
[Date "2012.04.10"]
[Round "4.5"]
[White "Kovalev, Vladislav"]
[Black "Meribanov, Vitaly"]
[Result "1/2-1/2"]
[WhiteElo "2477"]
[BlackElo "2325"]
[PlyCount "85"]
[EventDate "2012.04.07"]
[SourceDate "2012.04.07"]

1. e4 e5 2. Nf3 Nc6 3. Bb5 a6 4. Ba4 Nf6 5. O-O Be7 6. Re1 b5 7. Bb3 d6 8. c3
O-O 9. d4 Bg4 10. Be3 exd4 11. cxd4 Na5 12. Bc2 Nc4 13. Bc1 c5 14. b3 Nb6 15.
Nbd2 Re8 16. Bb2 Nfd7 17. a4 Nf8 18. Qe2 bxa4 19. bxa4 Bf6 20. Qd3 d5 21. a5
Nc4 22. Bc3 Nxd2 23. Nxd2 cxd4 24. Bb4 Ng6 25. exd5 Qxd5 26. Ne4 Be5 27. Bb3
Qb7 28. Ng5 Be6 29. Bxe6 fxe6 30. Bd2 Qd5 31. Re4 Bf6 32. Nf3 Ne5 33. Nxe5 Bxe5
34. Rae1 Bf6 35. f4 Qc6 36. Qb1 Rab8 37. Qa2 Kh8 38. Rxe6 Rxe6 39. Qxe6 Qb5 40.
g4 h6 41. g5 hxg5 42. Qh3+ Kg8 43. Qe6+ 1/2-1/2

[Event "Ch BLR U20 b"]
[Site "?"]
[Date "2012.04.12"]
[Round "6.1"]
[White "Ziaziulkina, Nastassia"]
[Black "Kocheev, Aleksandr"]
[Result "1-0"]
[WhiteElo "2343"]
[BlackElo "2347"]
[PlyCount "100"]
[EventDate "2012.04.07"]
[SourceDate "2012.04.07"]

1. e4 Nf6 2. e5 Nd5 3. d4 d6 4. Nf3 c6 5. Be2 Bg4 6. O-O Bxf3 7. Bxf3 dxe5 8.
dxe5 e6 9. Nd2 Nd7 10. Re1 Qc7 11. c4 Nf4 12. Ne4 Ng6 13. Nd6+ Bxd6 14. exd6
Qa5 15. Be3 O-O 16. a3 Nh4 17. Be4 Nf5 18. Bf4 Qc5 19. Qd3 Ne5 20. Qc3 Ng4 21.
Qf3 Nf6 22. Bd3 Nd4 23. Qd1 Nf5 24. Be5 Nd7 25. b4 Qb6 26. Bxf5 exf5 27. Bd4 c5
28. bxc5 Qc6 29. Qh5 Nxc5 30. Qg5 f6 31. Qxf5 Nb3 32. Rad1 Qxd6 33. Bb2 Rae8
34. h4 Qc6 35. Qg4 Nc5 36. h5 Qc8 37. Qf3 Qc6 38. Qg4 h6 39. Qg6 Re4 40. Bd4
Rxe1+ 41. Rxe1 Ne6 42. Be3 f5 43. Bxa7 Rf6 44. Qg3 f4 45. Qd3 f3 46. g3 Kh8 47.
Bb8 Qc8 48. Be5 Nc5 49. Qf1 Rf5 50. Qh3 Qe6 1-0

[Event "Ch BLR U20 b"]
[Site "?"]
[Date "2012.04.12"]
[Round "6.2"]
[White "Biazliudau, Stanislau"]
[Black "Harshkou, Mikita"]
[Result "1-0"]
[WhiteElo "2192"]
[BlackElo "2193"]
[PlyCount "141"]
[EventDate "2012.04.07"]
[SourceDate "2012.04.07"]

1. d4 e6 2. g3 f5 3. Bg2 d6 4. c4 Nf6 5. Nc3 Be7 6. e4 fxe4 7. Nxe4 Nc6 8. Nc3
O-O 9. Nf3 Qe8 10. O-O e5 11. dxe5 dxe5 12. Nd5 Bg4 13. h3 Bxf3 14. Bxf3 Rd8
15. Bg2 Nxd5 16. cxd5 Nd4 17. Be3 Bc5 18. Rc1 Qe7 19. Qg4 Qd6 20. Be4 Bb6 21.
Kg2 Rf7 22. Bxd4 Bxd4 23. Rc2 Rf6 24. Rfc1 Rdf8 25. f3 Bb6 26. a3 a5 27. Qg5 g6
28. Qd2 R8f7 29. h4 h5 30. Qg5 Kg7 31. Kh2 Rxf3 32. Bxf3 Rxf3 33. Re2 Qxd5 34.
Qxe5+ Qxe5 35. Rxe5 Rf2+ 36. Kh3 Rxb2 37. Rf1 Rb3 38. Re7+ Kg8 39. Rd1 Rf3 40.
Rd8+ Rf8 41. Rdd7 Rf6 42. Re8+ Rf8 43. Re6 Rf5 44. Rxg6+ Kf8 45. Rg5 Rf3 46.
Rxh5 Ke8 47. Rg7 Kf8 48. Rd7 Ke8 49. Rhh7 Rxa3 50. h5 a4 51. h6 Re3 52. Rdg7
Rf3 53. Rg8+ Rf8 54. Rhh8 Rxg8 55. Rxg8+ Kf7 56. Rg4 Ba5 57. Rxa4 Bc3 58. Rc4
Be5 59. h7 c6 60. Rg4 Bg7 61. Kh4 b5 62. Kh5 Bc3 63. Rg8 b4 64. h8=Q Bxh8 65.
Rxh8 Ke6 66. Rb8 c5 67. g4 Kd6 68. g5 Kc7 69. Rf8 b3 70. Rf3 c4 71. Rc3 1-0

[Event "Ch BLR U20 b"]
[Site "?"]
[Date "2012.04.12"]
[Round "6.3"]
[White "Kovalev, Vladislav"]
[Black "Sheremet, Anton"]
[Result "1-0"]
[WhiteElo "2477"]
[BlackElo "2120"]
[PlyCount "201"]
[EventDate "2012.04.07"]
[SourceDate "2012.04.07"]

1. e4 e5 2. Nf3 Nc6 3. Bb5 a6 4. Ba4 Nf6 5. O-O Be7 6. Re1 b5 7. Bb3 d6 8. c3
O-O 9. d4 Bg4 10. Be3 exd4 11. cxd4 Na5 12. Bc2 Nc4 13. Bc1 c5 14. b3 Nb6 15.
Nbd2 cxd4 16. h3 Bh5 17. g4 Bg6 18. Nxd4 d5 19. e5 Bxc2 20. Qxc2 Ne4 21. Nxe4
dxe4 22. Qxe4 Bc5 23. Bb2 Qd7 24. Rad1 Rad8 25. Nf3 Qe7 26. h4 h6 27. h5 Rfe8
28. Kg2 Nd7 29. g5 hxg5 30. Bc1 Nf8 31. Bxg5 f6 32. Rxd8 Qxd8 33. Bh4 Qd7 34.
Bg3 f5 35. Qc2 Ne6 36. Qxf5 Rf8 37. Rd1 Nf4+ 38. Qxf4 Qxd1 39. Qe4 Qd8 40. h6
Qa8 41. Qg4 Qb7 42. e6 Rf6 43. hxg7 Qd5 44. Be5 Qxe6 45. Qh4 Rg6+ 46. Kf1 Qd5
47. Bd4 Rxg7 48. Bxg7 Qxf3 49. Bb2 Qd1+ 50. Kg2 Qd5+ 51. Kf1 Qd1+ 52. Kg2 Qd5+
53. Kg1 Qd1+ 54. Kh2 Bd6+ 55. Kg2 Qd5+ 56. f3 Qd2+ 57. Qf2 Qd3 58. Qd4 Qe2+ 59.
Qf2 Qd3 60. f4 Qe4+ 61. Qf3 Qc2+ 62. Qf2 Qe4+ 63. Qf3 Qc2+ 64. Kg3 Bxf4+ 65.
Kxf4 Qxb2 66. Qa8+ Kf7 67. Qb7+ Kg8 68. Qxa6 Qd4+ 69. Kf5 Qd5+ 70. Kf6 Qd4+ 71.
Ke7 Qg7+ 72. Kd8 Qe5 73. Kc8 Kf8 74. Kb7 Ke7 75. Qc6 Qb2 76. Qc5+ Kf7 77. Qxb5
Qxa2 78. b4 Ke7 79. Qc5+ Kd7 80. b5 Qa1 81. Qc6+ Ke7 82. b6 Qd4 83. Qc7+ Ke8
84. Kb8 Qa4 85. Qe5+ Kd7 86. Qd5+ Ke7 87. Qc5+ Kd7 88. Qc8+ Kd6 89. Qd8+ Kc5
90. b7 Qa1 91. Kc8 Qa6 92. Qg5+ Kb4 93. Qd5 Ka3 94. Kc7 Qa7 95. Qd6+ Ka2 96.
Qb6 Qa3 97. Qe6+ Ka1 98. Qe5+ Ka2 99. b8=Q Qc3+ 100. Kd8 Qd2+ 101. Ke8 1-0